Request For Approval Of Publican Digital Inspection Solution Agreement Between Ghana Revenue Authority And Truedare Investment Limited (Record no. 5760)

MARC details
000 -LEADER
fixed length control field 00622nam a22001577a 4500
003 - CONTROL NUMBER IDENTIFIER
control field OSt
005 - DATE AND TIME OF LATEST TRANSACTION
control field 20251119152252.0
008 - FIXED-LENGTH DATA ELEMENTS--GENERAL INFORMATION
fixed length control field 251119b |||||||| |||| 00| 0 eng d
041 ## - LANGUAGE CODE
Language code of text/sound track or separate title Eng
082 ## - DEWEY DECIMAL CLASSIFICATION NUMBER
Classification number PM/PDIS/25 ACC No: 11,995
245 ## - TITLE STATEMENT
Title Request For Approval Of Publican Digital Inspection Solution Agreement Between Ghana Revenue Authority And Truedare Investment Limited
260 ## - PUBLICATION, DISTRIBUTION, ETC.
Place of publication, distribution, etc. Accra
Name of publisher, distributor, etc. Parliament Of Ghana
Date of publication, distribution, etc. 2025
300 ## - PHYSICAL DESCRIPTION
Extent 9p; Pic
650 ## - SUBJECT ADDED ENTRY--TOPICAL TERM
Topical term or geographic name entry element Request For Approval Of Publican Digital Inspection Solution Agreement Between Ghana Revenue Authority And Truedare Investment Limited
942 ## - ADDED ENTRY ELEMENTS (KOHA)
Source of classification or shelving scheme Dewey Decimal Classification
Koha item type Memorandum
Suppress in OPAC No
Holdings
Withdrawn status Lost status Source of classification or shelving scheme Damaged status Not for loan Home library Current library Shelving location Date acquired Total checkouts Full call number Date last seen Copy number Price effective from Koha item type
    Dewey Decimal Classification     Main Library Main Library Open Shelves 19/11/2025   PM/PDIS/25 ACC No: 11,995 19/11/2025 1 19/11/2025 Memorandum
    Dewey Decimal Classification     Main Library Main Library Open Shelves 19/11/2025   PM/PDIS/25 ACC No: 11,996 19/11/2025 2 19/11/2025 Memorandum
    Dewey Decimal Classification     Main Library Main Library Open Shelves 19/11/2025   PM/PDIS/25 ACC No: 11,997 19/11/2025 3 19/11/2025 Memorandum
    Dewey Decimal Classification     Main Library Main Library Open Shelves 19/11/2025   PM/PDIS/25 ACC No: 11,998 19/11/2025 4 19/11/2025 Memorandum
©2026  Parliament of Ghana Library - All rights reserved